| 000 | 00844nam a2200265Ia 4500 | ||
|---|---|---|---|
| 003 | OSt | ||
| 005 | 20221005043708.0 | ||
| 006 | a|||||r|||| 00| 0 | ||
| 007 | ta | ||
| 008 | 221004b |||||||| |||| 00| 0 eng d | ||
| 020 |
_a9780670086436 (hbk) _cINR 699.00 |
||
| 024 | _a34060 | ||
| 037 |
_b024, 07/09/2017, Classic Book Service _cTextual |
||
| 040 |
_aCRL _cCRL _beng |
||
| 041 |
_2eng _aeng |
||
| 082 | _aV44Q7wM76, Q7 | ||
| 100 |
_aReddy Sheela Au. _9591817 |
||
| 245 | 0 |
_aMr. and Mrs. Jinna _b the marriage that shook India |
|
| 260 |
_aGurgaon _bPenguin Viking India _c2017 |
||
| 300 |
_aviii,421p. _ccm. |
||
| 650 |
_a JINNAH, MOHAMMED ALI _9187282 |
||
| 650 | _aPAKISTAN - HISTORY | ||
| 942 |
_hV44Q7wM76, Q7 _cTEXL _2cc |
||
| 999 |
_c952270 _d952270 |
||